000 00432nam a2200157Ia 4500
005 20250417115646.0
008 231217s9999 xx 000 0 und d
020 _a9788131413555
082 _a614.599392 SUD;1 R
100 _aSudarshan, N ed.
245 0 _aHIV/AIDS health cares and human rights approach
260 _c2007
_bIcfai
_aHyderabad
300 _aviii, 206
650 _aHIV/AIDS,health,cares,rights
942 _cAA
999 _c187668
_d187668